Представление документа в формате MARC21

Поле Инд. ПП Название Значение
Тип записи a
Библиографический уровень m
001 Контрольный номер RU/IS/BASE/562861078
005 Дата корректировки 20260601110229.6
040 b Код языка каталог. rus
e Правила каталог. PSBO
041 0_ a Код языка текста rus
097 b Оператор *Ольга*
245 10 a Заглавие Методические указания по выполнению курсовой работы по дисциплине "Логистика" направления подготовки 38.03.06 Торговое дело. Профиль: Коммерция
b Продолж. заглавия в составе учебно-методического комплекса
c Ответственность Тверской гос. техн. ун-т, Каф. МЕН
c Ответственность разраб. Н.М. Перепелица
260 a Место издания Тверь
b Издательство ТвГТУ
c Дата издания 2016
440 _0 a Серия УМК-КП
500 a Примечание 50/2017
516 8_ a Прим. о типе комп. файла/ данных Текст : электронный
520 0_ a Аннотация Методические указания составлены с учетом современных требований, предъявляемых к работам данной категории, и направлены на оказание необходимой помощи при подготовке и проверке курсовых работ студентов, и содержат общие положения, основные требования к структуре, содержанию и оформлению курсовой работы, а также для обеспечения научного руководства работой. Методические указания предназначены для студентов 4-го курса факультета управления и социальных коммуникаций, обучающихся по направлению подготовки бакалавров 38.03.06 Торговое дело (профиль «Коммерция»).
583 a Действие Приписка : УМК
655 a Жанр/ форма (устаревшее) М
773 18 w Контрольный № источника RU/IS/BASE/562678512
w Контрольный № источника 66c26f0afb7841a3b588e53cfd501389
900 a Имя макрообъекта 001-000124820-000000000-0000-0000-01
901 t Тип документа m
905 a Дата создания записи 01.11.17
c Дата приписки 01.06.26
922 c Кафедра Менеджмент
951 i EL-ТГТУ? Да
952 g 1
a Тип литературы для КСУ ВШ М